[Event "Foment Martinenc op-C 22nd"]
[Site "Barcelona"]
[Date "2022.04.23"]
[Round "1"]
[White "Gonzalez Trigo, Jose Luis"]
[Black "Ferrandiz Alvarez, Miquel"]
[Result "0-1"]
[WhiteElo "1732"]
[BlackElo "1518"]
[PlyCount "42"]
[EventDate "2022.04.23"]
[EventType "swiss"]
[EventRounds "9"]
[EventCountry "ESP"]
[SourceTitle "EXT 2023"]
[Source "ChessBase"]
[SourceDate "2022.10.05"]
[SourceVersion "1"]
[SourceVersionDate "2022.10.05"]
[SourceQuality "1"]

1. e4 e5 2. Nf3 Nc6 3. d4 exd4 4. Bc4 Bb4+ 5. Bd2 Bxd2+ 6. Qxd2 Nge7 7. Nxd4 0-0 8. 0-0 d6 9. c3 Na5 10. Bd3 c5 11. Nf3 c4 12. Bc2 Be6 13. Rd1 d5 14. Nd4 Qb6 15. Nxe6 fxe6 16. Qc1 Rxf2 17. Kh1 Raf8 18. Nd2 Qe3 19. Nf3 R8xf3 20. gxf3 Qxf3+ 21. Kg1 Qg2# 0-1

[Event "Foment Martinenc op-B 21st"]
[Site "Barcelona"]
[Date "2019.06.08"]
[Round "7"]
[White "Gonzalez Trigo, Jose Luis"]
[Black "Fernandez Lopez, Isabel"]
[Result "1/2-1/2"]
[WhiteElo "1464"]
[BlackElo "1539"]
[PlyCount "43"]
[EventDate "2019.04.27"]
[EventType "swiss"]
[EventRounds "9"]
[EventCountry "ESP"]
[SourceTitle "EXT 2020"]
[Source "ChessBase"]
[SourceDate "2019.10.17"]
[SourceVersion "1"]
[SourceVersionDate "2019.10.17"]
[SourceQuality "1"]

1. e4 c5 2. Nf3 d6 3. d4 cxd4 4. Nxd4 Nf6 5. Nc3 a6 6. Be3 e5 7. Nb3 Be6 8. Nd2 Be7 9. Bc4 d5 10. exd5 Nxd5 11. Nxd5 Bxd5 12. Qg4 Bxc4 13. Nxc4 0-0 14. Bb6 Qc8 15. Nxe5 Qxc2 16. Bd4 Bb4+ 17. Kf1 Bc5 18. g3 Bxd4 19. Qxd4 Nc6 20. Nxc6 Qxc6 21. Rd1 h6 22. Qd5 1/2-1/2

[Event "Foment Martinenc op-B 21st"]
[Site "Barcelona"]
[Date "2019.05.18"]
[Round "4"]
[White "Oliver Monfort, Sergio"]
[Black "Gonzalez Trigo, Jose Luis"]
[Result "1/2-1/2"]
[WhiteElo "1822"]
[BlackElo "1464"]
[PlyCount "52"]
[EventDate "2019.04.27"]
[EventType "swiss"]
[EventRounds "9"]
[EventCountry "ESP"]
[SourceTitle "EXT 2020"]
[Source "ChessBase"]
[SourceDate "2019.10.17"]
[SourceVersion "1"]
[SourceVersionDate "2019.10.17"]
[SourceQuality "1"]

1. e4 c5 2. c3 Nc6 3. d4 cxd4 4. cxd4 e6 5. Nc3 d5 6. e5 Nge7 7. Nf3 h6 8. Bd3 Qb6 9. Bb1 Ng6 10. Bxg6 fxg6 11. 0-0 Be7 12. Qd3 0-0 13. Qxg6 Nxd4 14. Nxd4 Qxd4 15. Bxh6 Qxe5 16. Rae1 Qf6 17. Qxf6 Bxf6 18. Bd2 a6 19. b3 Bd7 20. Rc1 b5 21. Rfe1 Rac8 22. h3 Bd4 23. Re2 b4 24. Nd1 Rxc1 25. Bxc1 Bb5 26. Rc2 Bb6 1/2-1/2

[Event "Foment Martinenc op-B 20th"]
[Site "Barcelona"]
[Date "2018.06.02"]
[Round "7"]
[White "Gonzalez Trigo, Jose Luis"]
[Black "Garcia Gonzalez, Juan"]
[Result "0-1"]
[WhiteElo "1512"]
[BlackElo "1658"]
[PlyCount "52"]
[EventDate "2018.04.21"]
[EventType "swiss"]
[EventRounds "9"]
[EventCountry "ESP"]
[SourceTitle "CBM 184 Extra"]
[Source "ChessBase"]
[SourceDate "2018.06.28"]
[SourceVersion "1"]
[SourceVersionDate "2018.06.28"]
[SourceQuality "1"]

1. e4 g6 2. Nf3 Bg7 3. d4 d6 4. c3 c6 5. Bd3 Nd7 6. 0-0 Ngf6 7. h3 0-0 8. Be3 c5 9. Qd2 a6 10. Bh6 b5 11. Bxg7 Kxg7 12. e5 Ng8 13. Be4 Rb8 14. Bd5 e6 15. Bb3 dxe5 16. dxe5 Bb7 17. Rd1 Bxf3 18. gxf3 Nxe5 19. Qe3 Qc7 20. Nd2 c4 21. Bc2 Nf6 22. f4 Nc6 23. Kg2 Nd5 24. Qg3 Qxf4 25. Be4 Qxg3+ 26. fxg3 Ne3+ 0-1

[Event "Barcelona Ideal Clave op 21st"]
[Site "Barcelona"]
[Date "2017.11.18"]
[Round "7"]
[White "Prats Mir, Sergi"]
[Black "Gonzalez Trigo, Jose Luis"]
[Result "0-1"]
[WhiteElo "1580"]
[BlackElo "1518"]
[PlyCount "66"]
[EventDate "2017.09.30"]
[EventType "swiss"]
[EventRounds "8"]
[EventCountry "ESP"]
[SourceTitle "CBM 181 Extra"]
[Source "ChessBase"]
[SourceDate "2017.12.12"]
[SourceVersion "1"]
[SourceVersionDate "2017.12.12"]
[SourceQuality "1"]

1. e4 c5 2. Nf3 d6 3. d4 cxd4 4. Nxd4 Nf6 5. Bb5+ Bd7 6. Nc3 a6 7. Bc4 e6 8. Be3 b5 9. Bd3 Nc6 10. 0-0 Be7 11. f4 0-0 12. Qf3 b4 13. Nce2 e5 14. Nf5 Bxf5 15. exf5 Qc7 16. Ng3 d5 17. fxe5 Nxe5 18. Qe2 Bd6 19. Bf4 Rfe8 20. Qd2 a5 21. Kh1 Nxd3 22. Bxd6 Qxd6 23. Qxd3 Re5 24. Rfe1 Rae8 25. Rxe5 Qxe5 26. c3 bxc3 27. Qxc3 d4 28. Qd2 Ng4 29. Rd1 d3 30. h3 Qxg3 31. hxg4 Re2 32. Qxe2 Qh4+ 33. Kg1 dxe2 0-1

[Event "Foment Martinenc op-C 19st"]
[Site "Barcelona"]
[Date "2017.06.10"]
[Round "8.16"]
[White "Marzo Ruiz, Xavier"]
[Black "Gonzalez Trigo, Jose Luis"]
[Result "0-1"]
[WhiteElo "1703"]
[BlackElo "1762"]
[PlyCount "102"]
[EventDate "2017.04.22"]
[EventType "swiss"]
[EventRounds "9"]
[EventCountry "ESP"]
[SourceTitle "EXT 2024"]
[Source "ChessBase"]
[SourceDate "2023.10.10"]
[SourceVersion "1"]
[SourceVersionDate "2023.10.10"]
[SourceQuality "1"]

1. d4 Nf6 2. c4 g6 3. Nc3 d5 4. Bg5 c6 5. e3 Bg7 6. Be2 0-0 7. Nf3 Nbd7 8. 0-0 h6 9. Bh4 Re8 10. cxd5 cxd5 11. Bg3 a6 12. Qb3 e6 13. Rac1 b5 14. a4 Nh5 15. Bd6 Nb6 16. Bc5 Nxa4 17. Nxa4 bxa4 18. Qxa4 Qd7 19. Ra1 Qxa4 20. Rxa4 Rb8 21. b4 Nf6 22. Bxa6 Ne4 23. Ba7 Bxa6 24. Rxa6 Rxb4 25. Rc1 Rb2 26. Rb6 Rxf2 27. Bb8 Ra2 28. Rb7 Ra8 29. Be5 Rec8 30. Rxc8+ Rxc8 31. Rb8 Rxb8 32. Bxb8 h5 33. Ne5 Bh6 34. Kf1 Bxe3 35. Ba7 Nc3 36. Bc5 Nb5 37. Nc6 Kg7 38. Ke2 Bf4 39. g3 Bd6 40. Bb6 f6 41. Kd3 e5 42. Bc5 e4+ 43. Ke3 g5 44. Ne7 Bxe7 45. Bxe7 Kf7 46. Bd8 Ke6 47. h3 Kf5 48. Be7 Kg6 49. Bd8 Nd6 50. Bc7 Nf5+ 51. Ke2 Nxd4+ 0-1

[Event "Foment Martinenc op-C 19st"]
[Site "Barcelona"]
[Date "2017.05.20"]
[Round "5.20"]
[White "Gonzalez Trigo, Jose Luis"]
[Black "Romeu Viladot, Emili"]
[Result "1/2-1/2"]
[WhiteElo "1762"]
[BlackElo "1691"]
[PlyCount "81"]
[EventDate "2017.04.22"]
[EventType "swiss"]
[EventRounds "9"]
[EventCountry "ESP"]
[SourceTitle "EXT 2024"]
[Source "ChessBase"]
[SourceDate "2023.10.10"]
[SourceVersion "1"]
[SourceVersionDate "2023.10.10"]
[SourceQuality "1"]

1. e4 c5 2. Nf3 d6 3. d4 cxd4 4. Nxd4 Nf6 5. Nc3 a6 6. Be3 e5 7. Nb3 Be7 8. f3 0-0 9. Qd2 Be6 10. Bd3 Nbd7 11. g4 Rc8 12. h4 Ne8 13. h5 h6 14. 0-0-0 Nc5 15. Nxc5 dxc5 16. Kb1 Nd6 17. Rhg1 Nc4 18. Bxc4 Qxd2 19. Rxd2 Bxc4 20. g5 hxg5 21. Bxg5 Bxg5 22. Rxg5 f6 23. Rg3 Rc7 24. h6 Kh7 25. hxg7 Rxg7 26. Rxg7+ Kxg7 27. Rd7+ Rf7 28. Rxf7+ Kxf7 29. Kc1 Bf1 30. Kd2 Bc4 31. a3 b5 32. b4 cxb4 33. axb4 Ke6 34. Ke3 f5 35. f4 fxe4 36. Nxe4 exf4+ 37. Kxf4 Kd5 38. Ke3 Kc6 39. Kd4 Kb6 40. Nd6 Ba2 41. c4 1/2-1/2

[Event "Foment Martinenc op-B 18th"]
[Site "Barcelona"]
[Date "2016.06.11"]
[Round "8"]
[White "Gonzalez Trigo, Jose Luis"]
[Black "Pera Muntasell, Marc"]
[Result "0-1"]
[WhiteElo "1566"]
[BlackElo "1424"]
[PlyCount "52"]
[EventDate "2016.04.23"]
[EventType "swiss"]
[EventRounds "9"]
[EventCountry "ESP"]
[SourceTitle "EXT 2017"]
[Source "ChessBase"]
[SourceDate "2016.10.25"]
[SourceVersion "1"]
[SourceVersionDate "2016.10.25"]
[SourceQuality "1"]

1. Nf3 d5 2. g3 b6 3. Bg2 Bb7 4. d4 e6 5. 0-0 Nf6 6. c4 Bd6 7. cxd5 exd5 8. Nc3 Nbd7 9. Bg5 a6 10. Re1 h6 11. e4 hxg5 12. e5 Ne4 13. exd6 cxd6 14. Nxe4 dxe4 15. Nd2 d5 16. f3 f5 17. fxe4 fxe4 18. Nxe4 dxe4 19. Bxe4 Bxe4 20. Rxe4+ Kf8 21. Qb3 Rh6 22. Qb4+ Kg8 23. Rae1 Nf6 24. Re7 Nd5 25. Qb3 Rd6 26. Qf3 Nxe7 0-1

[Event "Foment Martinenc op-B 18th"]
[Site "Barcelona"]
[Date "2016.05.07"]
[Round "3"]
[White "Gonzalez Trigo, Jose Luis"]
[Black "Riu Borge, Albert"]
[Result "0-1"]
[WhiteElo "1566"]
[BlackElo "1873"]
[PlyCount "118"]
[EventDate "2016.04.23"]
[EventType "swiss"]
[EventRounds "9"]
[EventCountry "ESP"]
[SourceTitle "EXT 2017"]
[Source "ChessBase"]
[SourceDate "2016.10.25"]
[SourceVersion "1"]
[SourceVersionDate "2016.10.25"]
[SourceQuality "1"]

1. e4 e5 2. Nf3 Nc6 3. Bb5 a6 4. Bxc6 dxc6 5. h3 Nf6 6. d3 Qd6 7. 0-0 Be7 8. Nbd2 Be6 9. Ng5 0-0 10. Nxe6 Qxe6 11. Nf3 Bd6 12. b3 Nd7 13. Bb2 f6 14. c3 c5 15. Qc2 Rad8 16. Rfe1 Rfe8 17. d4 cxd4 18. cxd4 exd4 19. Bxd4 Ne5 20. Nxe5 Bxe5 21. Bc3 Rd7 22. f3 Red8 23. Bxe5 Qxe5 24. Red1 h6 25. Rab1 Qa5 26. Rxd7 Rxd7 27. a4 Rd2 28. Qc4+ Kh8 29. Rc1 Qb6+ 30. Qc5 Qxb3 31. Qxc7 Qe3+ 32. Kh2 Qg5 33. Rg1 Rb2 34. Qc8+ Kh7 35. Qf5+ Qxf5 36. exf5 Rb4 37. Ra1 h5 38. a5 Rf4 39. Rb1 Rxf5 40. Rxb7 Rxa5 41. Ra7 Ra2 42. h4 Kh6 43. f4 g5 44. fxg5+ fxg5 45. hxg5+ Kxg5 46. Kh3 Ra1 47. g3 a5 48. Kg2 Ra2+ 49. Kh3 Ra1 50. Kg2 Ra4 51. Kh3 Ra2 52. Ra8 Ra1 53. Kg2 a4 54. Kf3 a3 55. Rg8+ Kf5 56. g4+ hxg4+ 57. Rxg4 a2 58. Rf4+ Ke5 59. Re4+ Kd5 0-1

[Event "Foment Martinenc op-B 18th"]
[Site "Barcelona"]
[Date "2016.04.30"]
[Round "2"]
[White "Taltavull Hidalgo, Artur"]
[Black "Gonzalez Trigo, Jose Luis"]
[Result "1-0"]
[WhiteElo "1291"]
[BlackElo "1566"]
[PlyCount "39"]
[EventDate "2016.04.23"]
[EventType "swiss"]
[EventRounds "9"]
[EventCountry "ESP"]
[SourceTitle "EXT 2017"]
[Source "ChessBase"]
[SourceDate "2016.10.25"]
[SourceVersion "1"]
[SourceVersionDate "2016.10.25"]
[SourceQuality "1"]

1. e4 c5 2. Nc3 a6 3. f4 e6 4. Nf3 d6 5. a4 Be7 6. Bc4 Qc7 7. 0-0 Nc6 8. Re1 Bf6 9. f5 Bxc3 10. dxc3 h6 11. Bf4 e5 12. Be3 Nf6 13. Bf2 0-0 14. Qd3 b6 15. Rad1 Rd8 16. Bh4 Qe7 17. g4 Kh7 18. g5 Ng8 19. g6+ Kh8 20. Bxe7 1-0

[Event "Foment Martinenc op-B 15th"]
[Site "Barcelona"]
[Date "2013.06.01"]
[Round "7"]
[White "Antequera Garcia, Luis"]
[Black "Gonzalez Trigo, Jose Luis"]
[Result "0-1"]
[WhiteElo "1310"]
[BlackElo "1560"]
[PlyCount "48"]
[EventDate "2013.04.20"]
[EventType "swiss"]
[EventRounds "9"]
[EventCountry "ESP"]
[SourceTitle "CBM 154 Extra"]
[Source "ChessBase"]
[SourceDate "2013.06.25"]
[SourceVersion "2"]
[SourceVersionDate "2013.06.25"]
[SourceQuality "1"]

1. e4 c5 2. Nf3 d6 3. Bc4 e6 4. Nc3 a6 5. d4 cxd4 6. Nxd4 Nf6 7. Be3 b5 8. Bd3 Bb7 9. 0-0 Be7 10. e5 dxe5 11. Nf3 e4 12. Nxe4 Bxe4 13. Qe2 Bxd3 14. cxd3 0-0 15. Rac1 Nbd7 16. Nd4 Bd6 17. Qf3 Ne5 18. Qe2 Qd7 19. f4 Ng6 20. Nf3 Bxf4 21. Rc5 Bxe3+ 22. Qxe3 Nd5 23. Qg5 Qe7 24. Qd2 Qxc5+ 0-1

[Event "Foment Martinenc op-B 15th"]
[Site "Barcelona"]
[Date "2013.04.20"]
[Round "1"]
[White "Prats Mir, Sergi"]
[Black "Gonzalez Trigo, Jose Luis"]
[Result "0-1"]
[WhiteElo "1700"]
[BlackElo "1560"]
[PlyCount "106"]
[EventDate "2013.04.20"]
[EventType "swiss"]
[EventRounds "9"]
[EventCountry "ESP"]
[SourceTitle "CBM 154 Extra"]
[Source "ChessBase"]
[SourceDate "2013.06.25"]
[SourceVersion "2"]
[SourceVersionDate "2013.06.25"]
[SourceQuality "1"]

1. e4 c5 2. Nf3 d6 3. d4 cxd4 4. Nxd4 Nf6 5. Nc3 a6 6. Be2 e6 7. Be3 Nc6 8. 0-0 Be7 9. Bf3 0-0 10. Qe2 Ne5 11. Rfd1 Nxf3+ 12. Qxf3 e5 13. Nf5 Bxf5 14. Qxf5 Qc8 15. Qxc8 Raxc8 16. f3 b5 17. a3 Rc6 18. Rac1 Rfc8 19. Rd2 h6 20. Nd5 Nxd5 21. exd5 Rc4 22. c3 a5 23. Rdd1 f5 24. Bd2 f4 25. b4 axb4 26. cxb4 Rxc1 27. Rxc1 Rxc1+ 28. Bxc1 Bd8 29. Kf1 Bb6 30. Ke2 Bd4 31. Kd3 Kf7 32. Bd2 Bb2 33. a4 bxa4 34. Kc2 Bd4 35. Kb1 a3 36. Bc1 Bc3 37. Bxa3 Ke7 38. Kc2 Bd4 39. Kb3 Kd7 40. Kc4 h5 41. Kb5 g5 42. Ka6 g4 43. b5 gxf3 44. gxf3 e4 45. fxe4 f3 46. b6 f2 47. Bxd6 f1Q+ 48. Kb7 Kxd6 49. e5+ Bxe5 50. Kc8 Qb5 51. b7 Qd7+ 52. Kb8 Kxd5+ 53. Ka8 Kc6 0-1

[Event "Barceloneta op"]
[Site "Barcelona"]
[Date "2001.10.27"]
[Round "5"]
[White "Gonzalez Trigo, Jose Luis"]
[Black "Cuba Quesada, Abelardo"]
[Result "0-1"]
[WhiteElo "1700"]
[BlackElo "1700"]
[PlyCount "70"]
[EventDate "2001.09.29"]
[EventType "swiss"]
[EventRounds "9"]
[EventCountry "ESP"]
[SourceTitle "CBM 085 Extra"]
[Source "ChessBase"]
[SourceDate "2002.01.21"]
[SourceVersion "1"]
[SourceVersionDate "2002.01.21"]
[SourceQuality "1"]

1. e4 e5 2. Nf3 Nc6 3. Bb5 d6 4. d3 Bd7 5. Nc3 a6 6. Ba4 Nf6 7. h3 Be7 8. 0-0 0-0 9. Be3 Qc8 10. d4 Bxh3 11. Nh4 Bg4 12. f3 Bh5 13. Kf2 exd4 14. Bxd4 Nxe4+ 15. Nxe4 Bxh4+ 16. g3 Be7 17. Rh1 Bg6 18. c3 Rd8 19. Bc2 Nxd4 20. cxd4 d5 21. Nc3 Bxc2 22. Qxc2 g6 23. Qd2 Bf6 24. Qf4 Qf5 25. Qh6 Bxd4+ 26. Kg2 Qc2+ 27. Kh3 Re8 28. Rh2 Qf5+ 29. g4 Qxf3+ 30. Kh4 Bf6+ 31. g5 Qf4+ 32. Kh3 Re3+ 33. Kg2 Rg3+ 34. Kh1 Qf3+ 35. Rg2 Qxg2# 0-1